| 000 | 00514nam a2200181Ia 4500 | ||
|---|---|---|---|
| 008 | 100920s9999 xx 000 0 und d | ||
| 082 |
_b97565 _a51 न 06 |
||
| 100 | _aदेशपांडे पु.ल. | ||
| 245 | _aगांधीजी. | ||
| 260 |
_bराजहंस, पुणे. _c2006 |
||
| 300 |
_a87 _bसाधी |
||
| 365 | _b75 | ||
| 520 | _aचरित्र. | ||
| 630 | _aगांधीजी. | ||
| 650 | _aचरित्र. | ||
| 730 | _aगांधीजी. | ||
| 942 | _cBOOK | ||
| 999 |
_c738003 _d738000 |
||